Zákon č. 311/2001 Z. z. Zákonník práce s komentárom
Komentár k Zákonníku práce, ktorého súčasťou je množstvo príkladov, judikátov, právnych pohľadov a situácií z praxe. Komentár je aktuálny k 1. 1. 2022.
Salvato in:
| Autore principale: | |
|---|---|
| Natura: | Capitolo di libro |
| Lingua: | slovacco |
| Soggetti: | |
| Tags: |
Nessun Tag, puoi essere il primo ad aggiungerne!!
|
MARC
| LEADER | 00000naa a2200000 4500 | ||
|---|---|---|---|
| 001 | 0282523 | ||
| 005 | 20240417075157.7 | ||
| 041 | 0 | |a slo | |
| 044 | |a SK | ||
| 245 | 1 | 0 | |a Zákon č. 311/2001 Z. z. Zákonník práce s komentárom |c Jozef Toman |
| 520 | |a Komentár k Zákonníku práce, ktorého súčasťou je množstvo príkladov, judikátov, právnych pohľadov a situácií z praxe. Komentár je aktuálny k 1. 1. 2022. | ||
| 610 | 2 | 0 | |a zákony |
| 610 | 2 | 0 | |a zákonník práce |
| 610 | 2 | 0 | |a zákonodarstvo |
| 610 | 2 | 0 | |a právo |
| 610 | 2 | 0 | |a legislatíva |
| 100 | 1 | |a Toman, Jozef | |